[Event "Nova Gorica op-A 16th"]
[Site "Nova Gorica"]
[Date "2011.01.30"]
[Round "4"]
[White "Picco, Ruggero"]
[Black "Tiselj, Peter"]
[Result "1-0"]
[WhiteElo "2045"]
[BlackElo "1601"]
[PlyCount "62"]
[EventDate "2011.01.28"]
[EventType "swiss"]
[EventRounds "9"]
[EventCountry "SLO"]
[SourceTitle "CBM 140 Extra"]
[Source "ChessBase"]
[SourceDate "2011.03.01"]
[SourceVersion "1"]
[SourceVersionDate "2011.03.01"]
[SourceQuality "1"]

1. e4 e5 2. Nf3 f5 3. Nxe5 Qf6 4. Nc4 fxe4 5. Ne3 Bc5 6. Qh5+ g6 7. Qxc5 Nc6 8. Nd5 Qe5 9. Qc3 Qxc3 10. Nbxc3 Nd4 11. Nxc7+ Kd8 12. Nxa8 Nxc2+ 13. Kd1 Nxa1 14. Nd5 b6 15. b3 Ne7 16. Nac7 Bb7 17. Nxe7 Kxe7 18. Bc4 Rc8 19. Nd5+ Bxd5 20. Bxd5 Nc2 21. Bxe4 Nb4 22. Ba3 a5 23. Re1 Kf6 24. Bxb4 axb4 25. Bb1 Rf8 26. Re4 Kg7 27. f3 Rf5 28. Rxb4 Rh5 29. h3 Rg5 30. g4 h5 31. Rxb6 hxg4 1-0

[Event "SLO-ch U14"]
[Site "Rogaska Slatina"]
[Date "2010.02.24"]
[Round "7"]
[White "Tiselj, Peter"]
[Black "Mikec, Matic"]
[Result "1/2-1/2"]
[WhiteElo "1555"]
[BlackElo "1505"]
[PlyCount "42"]
[EventDate "2010.02.21"]
[EventType "swiss"]
[EventRounds "9"]
[EventCountry "SLO"]
[SourceTitle "EXT 2015"]
[Source "ChessBase"]
[SourceDate "2014.11.20"]
[SourceVersion "1"]
[SourceVersionDate "2014.11.20"]
[SourceQuality "1"]

1. e4 e5 2. f4 exf4 3. Nf3 d6 4. Bc4 Bg4 5. h3 Bh5 6. d3 g5 7. h4 g4 8. Ng5 Qf6 9. 0-0 Qd4+ 10. Kh1 h6 11. Nxf7 Bxf7 12. Bxf7+ Kxf7 13. Qxg4 Ke7 14. Qxf4 Nf6 15. Nc3 Qe5 16. Qf3 Nbd7 17. Bf4 Qe6 18. Nb5 Kd8 19. Nd4 Qg4 20. Qxg4 Nxg4 21. Ne6+ Kc8 1/2-1/2

[Event "Sentjur Ipavec Memorial 10th"]
[Site "Sentjur"]
[Date "2009.09.??"]
[Round "5"]
[White "Brinovec, David"]
[Black "Tiselj, Peter"]
[Result "1-0"]
[WhiteElo "1500"]
[BlackElo "1500"]
[PlyCount "117"]
[EventDate "2009.09.??"]
[EventType "swiss"]
[EventRounds "9"]
[EventCountry "SLO"]
[SourceTitle "CBM 132 Extra"]
[Source "ChessBase"]
[SourceDate "2009.11.03"]
[SourceVersion "1"]
[SourceVersionDate "2009.11.03"]
[SourceQuality "1"]

1. e4 e5 2. Nf3 Nf6 3. Nxe5 d6 4. Nf3 Nxe4 5. d4 d5 6. Bd3 Bd6 7. 0-0 0-0 8. Re1 Re8 9. c4 Bb4 10. Bd2 Bxd2 11. Nbxd2 Nxd2 12. Qxd2 c6 13. Rxe8+ Qxe8 14. Re1 Qf8 15. Qe3 Bd7 16. Qe7 Qxe7 17. Rxe7 Kf8 18. Re5 Be6 19. Ng5 dxc4 20. Bxh7 Ke7 21. Bf5 Nd7 22. Re1 Nf8 23. f4 Rd8 24. Bxe6 Nxe6 25. f5 Rd5 26. g4 Rxd4 27. h3 Rd5 28. Nxe6 fxe6 29. Rxe6+ Kf7 30. Re2 Rd3 31. Kg2 c3 32. bxc3 Rxc3 33. h4 c5 34. g5 b5 35. h5 b4 36. g6+ Kf6 37. Re4 Kxf5 38. h6 gxh6 39. g7 Kxe4 40. g8Q Kf5 41. Qh7+ Ke6 42. Qxh6+ Kd5 43. Qg5+ Kc4 44. Qf4+ Kb5 45. Qb8+ Kc4 46. Qxa7 Rc2+ 47. Kf3 Rc3+ 48. Ke4 Ra3 49. Qc7 b3 50. axb3+ Rxb3 51. Qf7+ Kb4 52. Qb7+ Kc4 53. Qd5+ Kb4 54. Ke5 c4 55. Ke4 c3 56. Kd3 Ka3 57. Kc2 Rb2+ 58. Kxc3 Rb1 59. Qa5# 1-0

[Event "Sentjur Ipavec Memorial 10th"]
[Site "Sentjur"]
[Date "2009.09.??"]
[Round "9"]
[White "Gazvoda, Franc"]
[Black "Tiselj, Peter"]
[Result "1-0"]
[WhiteElo "2030"]
[BlackElo "1500"]
[PlyCount "79"]
[EventDate "2009.09.??"]
[EventType "swiss"]
[EventRounds "9"]
[EventCountry "SLO"]
[SourceTitle "CBM 132 Extra"]
[Source "ChessBase"]
[SourceDate "2009.11.03"]
[SourceVersion "1"]
[SourceVersionDate "2009.11.03"]
[SourceQuality "1"]

1. e4 e5 2. Nf3 Nf6 3. d4 exd4 4. e5 Nd5 5. Qxd4 Nb6 6. Bd3 Nc6 7. Qe4 Qe7 8. 0-0 d5 9. Qf4 g6 10. b3 Bg7 11. Ba3 Bxe5 12. Nxe5 Qxe5 13. Qxe5+ Nxe5 14. Re1 Nbd7 15. f4 f6 16. Bb2 Kf7 17. fxe5 Re8 18. e6+ Rxe6 19. Rxe6 Kxe6 20. Nd2 Ne5 21. Re1 Kd6 22. Ba3+ c5 23. Be2 Bf5 24. c3 a5 25. h3 a4 26. b4 b6 27. bxc5+ bxc5 28. g4 Bd7 29. c4 Re8 30. Kf2 f5 31. g5 f4 32. h4 Bf5 33. cxd5 Kxd5 34. Bf3+ Kd6 35. Ne4+ Bxe4 36. Bxe4 Ng4+ 37. Kg2 Ne3+ 38. Kf3 Nc2 39. Rd1+ Nd4+ 40. Rxd4+ 1-0

[Event "Sentjur Ipavec Memorial 10th"]
[Site "Sentjur"]
[Date "2009.09.??"]
[Round "4"]
[White "Tiselj, Peter"]
[Black "Jazbinsek, Vera"]
[Result "1/2-1/2"]
[WhiteElo "1500"]
[BlackElo "1616"]
[PlyCount "62"]
[EventDate "2009.09.??"]
[EventType "swiss"]
[EventRounds "9"]
[EventCountry "SLO"]
[SourceTitle "CBM 132 Extra"]
[Source "ChessBase"]
[SourceDate "2009.11.03"]
[SourceVersion "1"]
[SourceVersionDate "2009.11.03"]
[SourceQuality "1"]

1. e4 c5 2. Nf3 Nc6 3. Nc3 e5 4. Bc4 d6 5. d3 h6 6. Be3 Nf6 7. h3 a6 8. 0-0 b5 9. Bd5 Bd7 10. Bxc6 Bxc6 11. a3 Be7 12. b4 Qd7 13. Ne2 g5 14. Ng3 g4 15. hxg4 Nxg4 16. Nf5 Nxe3 17. fxe3 0-0-0 18. Nh2 Bg5 19. Qf3 f6 20. Rf2 Qf7 21. Qh3 Kc7 22. Ng4 Bd7 23. Qf3 h5 24. Nh2 Rdf8 25. Nf1 h4 26. g4 Rh7 27. Rh2 c4 28. d4 Bxf5 29. Qxf5 Rg7 30. c3 d5 31. dxe5 dxe4 1/2-1/2

[Event "Konjice op"]
[Site "Konjice"]
[Date "2009.04.05"]
[Round "9"]
[White "Tiselj, Peter"]
[Black "Kolsek, Jan"]
[Result "1-0"]
[WhiteElo "1500"]
[BlackElo "1500"]
[PlyCount "109"]
[EventDate "2009.03.26"]
[EventType "swiss"]
[EventRounds "9"]
[EventCountry "SLO"]
[SourceTitle "CBM 129 Extra"]
[Source "ChessBase"]
[SourceDate "2009.05.05"]
[SourceVersion "2"]
[SourceVersionDate "2009.05.20"]
[SourceQuality "1"]

1. e4 c5 2. Nf3 d6 3. d4 cxd4 4. Nxd4 Nf6 5. Nc3 g6 6. Bc4 Bg7 7. 0-0 0-0 8. Bg5 h6 9. Bh4 g5 10. Bg3 d5 11. exd5 Nxd5 12. Nxd5 e5 13. Nb3 Be6 14. Ne3 e4 15. Qxd8 Rxd8 16. Bxe6 fxe6 17. c3 Nc6 18. Rfe1 e5 19. Nc5 Rab8 20. Nxe4 Rf8 21. Nc5 Rfd8 22. Ne6 Re8 23. Nxg7 Kxg7 24. Ng4 h5 25. Nxe5 h4 26. Nxc6 hxg3 27. Nxb8 Rf8 28. hxg3 Rxb8 29. Re4 Rd8 30. Re7+ Kf6 31. Rxb7 Rd2 32. Rb1 a5 33. Ra7 Rd6 34. Rxa5 g4 35. b4 Rc6 36. Rc1 Rd6 37. b5 Rd7 38. b6 Rb7 39. Ra6 Ke6 40. Rd1 Ke7 41. Ra7 Rxa7 42. bxa7 Kf6 43. Kf1 Ke5 44. Ke1 Kf5 45. Ke2 Ke5 46. a3 Kf5 47. Rd4 Kg5 48. Rf4 Kh5 49. Ke3 Kg6 50. Ke4 Kg7 51. Ke5 Kh7 52. Kf6 Kh6 53. Kf7 Kh7 54. Rf6 Kh8 55. Rh6# 1-0

[Event "Konjice op"]
[Site "Konjice"]
[Date "2009.03.28"]
[Round "5"]
[White "Carli, Lara"]
[Black "Tiselj, Peter"]
[Result "1/2-1/2"]
[WhiteElo "1521"]
[BlackElo "1500"]
[PlyCount "38"]
[EventDate "2009.03.26"]
[EventType "swiss"]
[EventRounds "9"]
[EventCountry "SLO"]
[SourceTitle "CBM 129 Extra"]
[Source "ChessBase"]
[SourceDate "2009.05.05"]
[SourceVersion "2"]
[SourceVersionDate "2009.05.20"]
[SourceQuality "1"]

1. d4 d5 2. c4 c6 3. Nc3 Nf6 4. Bf4 Bf5 5. Nf3 e6 6. a3 a6 7. e3 Be7 8. Qb3 Qc8 9. c5 0-0 10. Na4 Bd8 11. Ne5 Nbd7 12. f3 Bc7 13. Nxd7 Nxd7 14. Bxc7 Qxc7 15. Kf2 Rfe8 16. g4 Bg6 17. h4 h6 18. f4 Qa5 19. Nc3 b6 1/2-1/2

[Event "Konjice op"]
[Site "Konjice"]
[Date "2009.03.26"]
[Round "1"]
[White "Tiselj, Peter"]
[Black "Marguc, Franc"]
[Result "0-1"]
[WhiteElo "1500"]
[BlackElo "1966"]
[PlyCount "60"]
[EventDate "2009.03.26"]
[EventType "swiss"]
[EventRounds "9"]
[EventCountry "SLO"]
[SourceTitle "CBM 129 Extra"]
[Source "ChessBase"]
[SourceDate "2009.05.05"]
[SourceVersion "2"]
[SourceVersionDate "2009.05.20"]
[SourceQuality "1"]

1. e4 e6 2. d4 d5 3. e5 c5 4. c3 Nc6 5. Nf3 Qb6 6. Qb3 Qxb3 7. axb3 cxd4 8. cxd4 Nge7 9. Nc3 Nf5 10. Be3 Bb4 11. Bb5 Bd7 12. Ra4 Bxc3+ 13. bxc3 Nxe5 14. Bxd7+ Nxd7 15. 0-0 0-0 16. c4 dxc4 17. bxc4 Rfc8 18. d5 Nxe3 19. fxe3 Nb6 20. Rb4 Rxc4 21. Rxc4 Nxc4 22. dxe6 fxe6 23. Rb1 b6 24. Rb4 Rc8 25. Kf2 h6 26. Nd4 e5 27. Nf5 a5 28. Ra4 Nb2 29. Re4 a4 30. Rxe5 Nd3+ 0-1

[Event "SLO-ch U14"]
[Site "Rogaska Slatina"]
[Date "2009.02.25"]
[Round "6"]
[White "Tiselj, Peter"]
[Black "Skrlep, Rok"]
[Result "0-1"]
[WhiteElo "1500"]
[BlackElo "1500"]
[PlyCount "47"]
[EventDate "2009.02.22"]
[EventType "swiss"]
[EventRounds "9"]
[EventCountry "SLO"]
[SourceTitle "CBM 129 Extra"]
[Source "ChessBase"]
[SourceDate "2009.05.05"]
[SourceVersion "2"]
[SourceVersionDate "2009.05.20"]
[SourceQuality "1"]

1. e4 e5 2. f4 exf4 3. Nf3 Nf6 4. Nc3 Nc6 5. d4 d5 6. exd5 Nxd5 7. Nxd5 Qxd5 8. Bxf4 Bg4 9. Be2 0-0-0 10. c3 Re8 11. 0-0 Qe4 12. Be5 f6 13. h3 Bh5 14. Re1 fxe5 15. g4 Bg6 16. dxe5 Nxe5 17. Nxe5 Qxe5 18. Bd3 Qxe1+ 19. Qxe1 Rxe1+ 20. Rxe1 Bxd3 21. Re8+ Kd7 22. Re3 Bc5 23. Kf2 Bxe3+ 24. Kxe3 0-1

[Event "SLO-ch U14"]
[Site "Rogaska Slatina"]
[Date "2009.02.24"]
[Round "4"]
[White "Gnidovec, Tilen"]
[Black "Tiselj, Peter"]
[Result "1-0"]
[WhiteElo "1594"]
[BlackElo "1500"]
[PlyCount "53"]
[EventDate "2009.02.22"]
[EventType "swiss"]
[EventRounds "9"]
[EventCountry "SLO"]
[SourceTitle "CBM 129 Extra"]
[Source "ChessBase"]
[SourceDate "2009.05.05"]
[SourceVersion "2"]
[SourceVersionDate "2009.05.20"]
[SourceQuality "1"]

1. e4 e5 2. Nf3 Nc6 3. c3 Nf6 4. d4 exd4 5. e5 Ng8 6. cxd4 d6 7. Bb5 Bd7 8. exd6 cxd6 9. 0-0 Nf6 10. Bg5 Be7 11. Bxf6 Bxf6 12. Re1+ Be7 13. Nc3 0-0 14. Qe2 Bf6 15. Rad1 Re8 16. Qd2 Rxe1+ 17. Rxe1 a6 18. Ba4 Ne7 19. Bxd7 Qxd7 20. Ne4 Re8 21. Nxf6+ gxf6 22. Qf4 Nd5 23. Rxe8+ Qxe8 24. Qxd6 Qe7 25. Qxd5 Qc7 26. Qc5 Qf4 27. h3 1-0

[Event "SLO-ch U14"]
[Site "Rogaska Slatina"]
[Date "2009.02.24"]
[Round "5"]
[White "Tiselj, Peter"]
[Black "Blaznik, Nejc"]
[Result "0-1"]
[WhiteElo "1500"]
[BlackElo "1500"]
[PlyCount "34"]
[EventDate "2009.02.22"]
[EventType "swiss"]
[EventRounds "9"]
[EventCountry "SLO"]
[SourceTitle "CBM 129 Extra"]
[Source "ChessBase"]
[SourceDate "2009.05.05"]
[SourceVersion "2"]
[SourceVersionDate "2009.05.20"]
[SourceQuality "1"]

1. e4 e5 2. f4 exf4 3. Nf3 Be7 4. Bc4 Nf6 5. Nc3 Nc6 6. d4 0-0 7. Bxf4 d6 8. 0-0 Nxe4 9. Nxe4 d5 10. Bxd5 Qxd5 11. Nc3 Qd7 12. Qd3 h6 13. Rfe1 Nb4 14. Qe4 Re8 15. a3 Nc6 16. d5 Bc5+ 17. Kh1 Rxe4 0-1

[Event "SLO-ch U14"]
[Site "Rogaska Slatina"]
[Date "2009.02.22"]
[Round "2"]
[White "Tiselj, Peter"]
[Black "Skvorc, Ziga"]
[Result "0-1"]
[WhiteElo "1500"]
[BlackElo "1531"]
[PlyCount "64"]
[EventDate "2009.02.22"]
[EventType "swiss"]
[EventRounds "9"]
[EventCountry "SLO"]
[SourceTitle "CBM 129 Extra"]
[Source "ChessBase"]
[SourceDate "2009.05.05"]
[SourceVersion "2"]
[SourceVersionDate "2009.05.20"]
[SourceQuality "1"]

1. e4 c5 2. c4 Nc6 3. Nc3 Nf6 4. d3 d6 5. Be2 Nd4 6. Nf3 Nxe2 7. Qxe2 Bg4 8. h3 Bh5 9. 0-0 e6 10. Qe3 h6 11. e5 dxe5 12. Nxe5 Bd6 13. Nb5 0-0 14. b3 Bxe5 15. Qxe5 a6 16. Na3 Rc8 17. Qg3 Bg6 18. Rd1 Ne4 19. Qg4 Nxf2 20. Kxf2 Qf6+ 21. Bf4 Qb2+ 22. Kg1 Qxa3 23. h4 Qb2 24. h5 Qd4+ 25. Kh1 Bxh5 26. Qxh5 Qxf4 27. Rg1 Rcd8 28. g4 Rxd3 29. g5 Qf3+ 30. Qxf3 Rxf3 31. gxh6 Rh3+ 32. Kg2 Rxh6 0-1

[Event "Nova Gorica op-B 14th"]
[Site "Nova Gorica"]
[Date "2009.02.06"]
[Round "8"]
[White "Lucovnik, Tilen"]
[Black "Tiselj, Peter"]
[Result "1-0"]
[WhiteElo "1587"]
[BlackElo "1500"]
[PlyCount "131"]
[EventDate "2009.01.31"]
[EventType "swiss"]
[EventRounds "9"]
[EventCountry "SLO"]
[SourceTitle "EXT 2011"]
[Source "ChessBase"]
[SourceDate "2010.11.26"]
[SourceVersion "1"]
[SourceVersionDate "2010.11.26"]
[SourceQuality "1"]

1. e4 e5 2. Nf3 Nc6 3. c3 Bc5 4. b4 Bb6 5. b5 Nce7 6. Nxe5 d6 7. Nc4 Nf6 8. Nxb6 cxb6 9. d3 d5 10. e5 Nfg8 11. d4 Bd7 12. Qf3 Nh6 13. Bxh6 gxh6 14. Qf6 Ng6 15. Qxd8+ Rxd8 16. g3 0-0 17. a4 a6 18. bxa6 bxa6 19. Bxa6 Ra8 20. Bb7 Ra5 21. c4 dxc4 22. Nc3 b5 23. Be4 bxa4 24. Kd2 Rd8 25. Nd5 Bc6 26. Nf6+ Kg7 27. Nh5+ Kg8 28. Bxc6 Rxd4+ 29. Kc2 Rxe5 30. Nf4 Nxf4 31. gxf4 Rxf4 32. Rhg1+ Kf8 33. f3 Re2+ 34. Kc3 Rxh2 35. Rxa4 Rhh4 36. Be4 Ke7 37. Rg7 Kf8 38. Rg2 Ke7 39. Ra7+ Ke6 40. Rb2 Kf6 41. Rbb7 Kg7 42. Bd5 h5 43. Rxf7+ Rxf7 44. Rxf7+ Kg6 45. Rc7 Rh3 46. Be4+ Kg5 47. Rxh7 h4 48. Kxc4 Kf4 49. Kd3 Kg3 50. Ke3 Kg2 51. Rg7+ Rg3 52. Rxg3+ Kxg3 53. f4 Kg4 54. f5 Kg5 55. Kf3 h3 56. Kg3 h2 57. Kxh2 Kf6 58. Kg3 Kg5 59. Kf3 Kf6 60. Kf4 Kf7 61. Kg5 Kg7 62. f6+ Kg8 63. Kg6 Kh8 64. Bf3 Kg8 65. f7+ Kf8 66. Bh1 1-0

[Event "Nova Gorica op-B 14th"]
[Site "Nova Gorica"]
[Date "2009.02.05"]
[Round "6"]
[White "Vivoda, Sergio"]
[Black "Tiselj, Peter"]
[Result "1/2-1/2"]
[WhiteElo "1838"]
[BlackElo "1500"]
[PlyCount "49"]
[EventDate "2009.01.31"]
[EventType "swiss"]
[EventRounds "9"]
[EventCountry "SLO"]
[SourceTitle "EXT 2011"]
[Source "ChessBase"]
[SourceDate "2010.11.26"]
[SourceVersion "1"]
[SourceVersionDate "2010.11.26"]
[SourceQuality "1"]

1. c4 e5 2. Nc3 Nf6 3. e4 c5 4. Nf3 Nc6 5. d3 h6 6. Be2 d6 7. h3 Be7 8. 0-0 0-0 9. Nh2 Nd4 10. f4 exf4 11. Bxf4 Ne6 12. Be3 Nh7 13. Nd5 Bg5 14. Bg4 Bxe3+ 15. Nxe3 Nd4 16. Bxc8 Rxc8 17. Nf3 Qf6 18. Nd5 Nxf3+ 19. Rxf3 Qe6 20. Rg3 Qe5 21. Qe1 Nf6 22. Nxf6+ Qxf6 23. Qd2 Rfe8 24. Qc3 Qxc3 25. bxc3 1/2-1/2

[Event "Nova Gorica op-B 14th"]
[Site "Nova Gorica"]
[Date "2009.01.31"]
[Round "1"]
[White "Tiselj, Peter"]
[Black "Petrovic, Marko"]
[Result "0-1"]
[WhiteElo "1500"]
[BlackElo "1945"]
[PlyCount "54"]
[EventDate "2009.01.31"]
[EventType "swiss"]
[EventRounds "9"]
[EventCountry "SLO"]
[SourceTitle "EXT 2011"]
[Source "ChessBase"]
[SourceDate "2010.11.26"]
[SourceVersion "1"]
[SourceVersionDate "2010.11.26"]
[SourceQuality "1"]

1. e4 e6 2. Nf3 c5 3. d4 cxd4 4. Nxd4 Nc6 5. Nxc6 dxc6 6. Qxd8+ Kxd8 7. Bc4 Nf6 8. Nc3 Bb4 9. Bg5 h6 10. Bxf6+ gxf6 11. 0-0 Ke7 12. a3 Bc5 13. b4 Bd4 14. Rad1 Bxc3 15. Rd3 Be5 16. b5 Rd8 17. Rxd8 Kxd8 18. bxc6 bxc6 19. Rd1+ Ke7 20. Rd3 Rb8 21. Ba2 Rb2 22. g4 Rxa2 23. Rh3 Ba6 24. Rxh6 Rxa3 25. h4 Be2 26. g5 Bf3 27. gxf6+ Kd7 0-1

[Event "Sentjur Ipavec Memorial 9th"]
[Site "Sentjur"]
[Date "2008.11.08"]
[Round "4"]
[White "Tiselj, Peter"]
[Black "Pahole, Samanta"]
[Result "0-1"]
[WhiteElo "1500"]
[BlackElo "1611"]
[PlyCount "53"]
[EventDate "2008.11.07"]
[EventType "swiss"]
[EventRounds "9"]
[EventCountry "SLO"]
[SourceTitle "EXT 2010"]
[Source "ChessBase"]
[SourceDate "2010.11.25"]
[SourceVersion "1"]
[SourceVersionDate "2010.11.25"]
[SourceQuality "1"]

1. e4 d5 2. exd5 Qxd5 3. Nc3 Qd6 4. Nf3 Nc6 5. Bb5 a6 6. Bxc6+ Qxc6 7. d4 e6 8. 0-0 Nf6 9. h3 Bd6 10. Ne5 Bxe5 11. dxe5 Nd5 12. Nxd5 exd5 13. Re1 0-0 14. Qf3 Be6 15. Qg3 Rfe8 16. c3 b5 17. Bd2 Qb6 18. b4 a5 19. a3 Rec8 20. Red1 axb4 21. axb4 Rxa1 22. Rxa1 c5 23. bxc5 Qxc5 24. Qd3 Qc4 25. Qd4 Qb3 26. Qb4 Qc2 27. Qxb5 0-1

[Event "Sentjur Ipavec Memorial 9th"]
[Site "Sentjur"]
[Date "2008.11.07"]
[Round "1"]
[White "Tiselj, Peter"]
[Black "Spelec, Darko"]
[Result "0-1"]
[WhiteElo "1500"]
[BlackElo "1960"]
[PlyCount "54"]
[EventDate "2008.11.07"]
[EventType "swiss"]
[EventRounds "9"]
[EventCountry "SLO"]
[SourceTitle "EXT 2010"]
[Source "ChessBase"]
[SourceDate "2010.11.25"]
[SourceVersion "1"]
[SourceVersionDate "2010.11.25"]
[SourceQuality "1"]

1. e4 e6 2. Nf3 d5 3. Qe2 dxe4 4. Qxe4 Nf6 5. Qd3 Bd6 6. Qc3 Nc6 7. Bc4 0-0 8. 0-0 e5 9. d3 Nd4 10. Nxd4 exd4 11. Qxd4 Bxh2+ 12. Kxh2 Qxd4 13. Be3 Qh4+ 14. Kg1 Re8 15. g3 Qh3 16. Nc3 Rxe3 17. fxe3 Qxg3+ 18. Kh1 Bg4 19. Rxf6 gxf6 20. Bd5 Bf3+ 21. Bxf3 Qxf3+ 22. Kh2 Qf2+ 23. Kh3 f5 24. e4 f4 25. Kg4 h6 26. Nd5 Qg3+ 27. Kf5 Qg5# 0-1

[Event "SLO-ch U12"]
[Site "Postojna"]
[Date "2008.02.29"]
[Round "8"]
[White "Pahor, Kristjan"]
[Black "Tiselj, Peter"]
[Result "1-0"]
[WhiteElo "1500"]
[BlackElo "1500"]
[PlyCount "47"]
[EventDate "2008.02.24"]
[EventType "swiss"]
[EventRounds "9"]
[EventCountry "SLO"]
[SourceTitle "EXT 2010"]
[Source "ChessBase"]
[SourceDate "2010.11.25"]
[SourceVersion "1"]
[SourceVersionDate "2010.11.25"]
[SourceQuality "1"]

1. e4 e5 2. Nf3 Nc6 3. d4 exd4 4. Bc4 h6 5. Nxd4 Nxd4 6. Qxd4 Qf6 7. e5 Qc6 8. 0-0 Bc5 9. Qd5 Qxd5 10. Bxd5 Ne7 11. Bc4 0-0 12. Nc3 d6 13. exd6 cxd6 14. Re1 Re8 15. Bb5 Rf8 16. Rxe7 a6 17. Bc4 Bf5 18. Re2 b5 19. Bd5 Rfe8 20. Rxe8+ Rxe8 21. Bd2 Bxc2 22. Re1 Rxe1+ 23. Bxe1 Bb1 24. Nxb1 1-0